| 000 | 01524nam a2200361 a 4500 | ||
|---|---|---|---|
| 001 | ebr10161333 | ||
| 003 | CaPaEBR | ||
| 006 | m u | ||
| 007 | cr cn||||||||| | ||
| 008 | 080905s2006 enka sb 001 0 eng d | ||
| 020 | _z0335218598 (pb) | ||
| 020 | _z9780335218592 (pb) | ||
| 020 | _z9780335224906 | ||
| 040 |
_aCaPaEBR _cCaPaEBR |
||
| 035 | _a(OCoLC)567976310 | ||
| 050 | 1 | 4 |
_aLB1062 _b.D84 2006eb |
| 100 | 1 |
_aDuffy, Bernadette, _d1958- |
|
| 245 | 1 | 0 |
_aSupporting creativity and imagination in the early years _h[electronic resource] / _cBernadette Duffy. |
| 250 | _a2nd ed. | ||
| 260 |
_aBuckingham [England] : _bOpen University Press, _c2006. |
||
| 300 |
_axviii, 190 p. : _bill. |
||
| 490 | 1 | _aSupporting early learning | |
| 504 | _aIncludes bibliographical references and index. | ||
| 505 | 0 | _apt. 1. What are creativity and imagination and why are they important? -- pt. 2. How do creativity and imagination develop? -- pt. 3. Theory into practice. | |
| 533 |
_aElectronic reproduction. _bPalo Alto, Calif. : _cebrary, _d2013. _nAvailable via World Wide Web. _nAccess may be limited to ebrary affiliated libraries. |
||
| 650 | 0 | _aImagination in children. | |
| 650 | 0 | _aCreative ability in children. | |
| 650 | 0 | _aEarly childhood education. | |
| 655 | 7 |
_aElectronic books. _2local |
|
| 710 | 2 | _aebrary, Inc. | |
| 830 | 0 | _aSupporting early learning. | |
| 856 | 4 | 0 |
_uhttp://site.ebrary.com/lib/rucke/Doc?id=10161333 _zAn electronic book accessible through the World Wide Web; click to view |
| 999 |
_c132593 _d132593 |
||